Crazy about it? (Record no. 17680)

MARC details
000 -LEADER
fixed length control field 00643cam a22002171 4500
001 - CONTROL NUMBER
control field ca 34001988
003 - CONTROL NUMBER IDENTIFIER
control field DLC
005 - DATE AND TIME OF LATEST TRANSACTION
control field 20260227111136.0
008 - FIXED-LENGTH DATA ELEMENTS--GENERAL INFORMATION
fixed length control field 890714s1933 ohu 000 0 eng
010 ## - LIBRARY OF CONGRESS CONTROL NUMBER
LC control number ca 34001988
035 ## - SYSTEM CONTROL NUMBER
System control number (OCoLC)20008345
040 ## - CATALOGING SOURCE
Original cataloging agency DLC
Transcribing agency RPB
Modifying agency RPB
-- DLC
042 ## - AUTHENTICATION CODE
Authentication code premarc
050 00 - LIBRARY OF CONGRESS CALL NUMBER
Classification number PS3539.H578
Item number C7 1933
082 ## - DEWEY DECIMAL CLASSIFICATION NUMBER
Classification number 812.5
100 1# - MAIN ENTRY--PERSONAL NAME
Personal name Thomas, Gertrude I.
Fuller form of name (Gertrude Ida),
Dates associated with a name 1889-
245 10 - TITLE STATEMENT
Title Crazy about it?
Statement of responsibility, etc. By Gail White [pseud.] ...
260 ## - PUBLICATION, DISTRIBUTION, ETC.
Place of publication, distribution, etc. Franklin, O.,
-- Denver, Colo.,
Name of publisher, distributor, etc. Eldridge Entertainment House,
Date of publication, distribution, etc. c1933.
300 ## - PHYSICAL DESCRIPTION
Extent 13 p.
Dimensions 19 cm.
490 0# - SERIES STATEMENT
Series statement Eldridge plays for girls and women

No items available.

Powered by Koha